000 00656nam a22001937a 4500
005 20251108164657.0
008 250721s1991 xx 000 0 ara d
082 1 4 _a523.4/نعي
100 1 _aالنعيمي، حميد مجول
245 1 0 _aإستكشاف الكواكب العملاقة بواسطة مركبات فويجر الفضائية /
264 1 _aبغداد :
_bدار الشؤون الثقافية العامة،
_c1991.
300 _a351ص
650 1 7 _aالكواكب
650 1 7 _aالأقمار الصناعية
650 1 7 _aالفضاء
700 1 _aفليح، حسن عبد الأمير
942 _2ddc
_cBK
999 _c11619
_d11619